Switching on to a modern service (Record no. 70565)

MARC details
000 -LEADER
fixed length control field 00707cam a2200193 4500
001 - CONTROL NUMBER
control field X118519
008 - FIXED-LENGTH DATA ELEMENTS--GENERAL INFORMATION
fixed length control field 020625n2002 000 0 eng u
035 ## - SYSTEM CONTROL NUMBER
System control number (Sirsi) u118519
100 ## - MAIN ENTRY--PERSONAL NAME
Personal name Harrison, G
245 ## - TITLE STATEMENT
Title Switching on to a modern service
260 ## - PUBLICATION, DISTRIBUTION, ETC.
Date of publication, distribution, etc. 2002
490 ## - SERIES STATEMENT
Series statement Law Society's Gazette
Volume/sequential designation 99(17) 25 April 2002, 16(1)
520 ## - SUMMARY, ETC.
Summary, etc. Describes online revolution by the Court Service, to improve its' systems, as a challenging program of reforms. Service aims to reform repetitive administrative procedures, and tackle problem of disposing of expensive city buildings.
650 ## - SUBJECT ADDED ENTRY--TOPICAL TERM
Topical term or geographic name entry element CIVIL PROCEDURE
650 ## - SUBJECT ADDED ENTRY--TOPICAL TERM
Topical term or geographic name entry element WOOLF REFORMS
650 ## - SUBJECT ADDED ENTRY--TOPICAL TERM
Topical term or geographic name entry element COURT PROCEDURE
690 ## - LOCAL SUBJECT ADDED ENTRY--TOPICAL TERM (OCLC, RLIN)
Topical term or geographic name as entry element LAW
942 ## - ADDED ENTRY ELEMENTS (KOHA)
Suppress in OPAC 0
Holdings
Withdrawn status Lost status Source of classification or shelving scheme Damaged status Not for loan Home library Current library Shelving location Date acquired Total Checkouts Barcode Date last seen Copy number Price effective from Koha item type
    Dewey Decimal Classification     London London Journal article 25/06/2002   118519-1001 06/08/2019 1 06/08/2019 Journal article